[Event "COL-ch U26"]
[Site "Cali"]
[Date "2022.09.30"]
[Round "6"]
[White "Gomez Barrero, Sergio"]
[Black "Marquez Velez, Juan Diego"]
[Result "1/2-1/2"]
[WhiteElo "1973"]
[BlackElo "1945"]
[PlyCount "21"]
[EventDate "2022.09.28"]
[EventType "swiss"]
[EventRounds "6"]
[EventCountry "COL"]
[SourceTitle "CBM 210 Extra"]
[Source "ChessBase"]
[SourceDate "2022.11.30"]
[SourceVersion "1"]
[SourceVersionDate "2022.11.30"]
[SourceQuality "1"]

1. e4 c5 2. Nf3 Nc6 3. d4 cxd4 4. Nxd4 e5 5. Nb3 Nf6 6. Bd3 d5 7. exd5 Qxd5 8. 0-0 Bg4 9. Nc3 Qd7 10. f3 Be6 11. Be3 1/2-1/2

[Event "COL-ch U26"]
[Site "Cali"]
[Date "2022.09.29"]
[Round "3"]
[White "Garcia Rojas, Miguel Angel"]
[Black "Marquez Velez, Juan Diego"]
[Result "1/2-1/2"]
[WhiteElo "1667"]
[BlackElo "1945"]
[PlyCount "40"]
[EventDate "2022.09.28"]
[EventType "swiss"]
[EventRounds "6"]
[EventCountry "COL"]
[SourceTitle "CBM 210 Extra"]
[Source "ChessBase"]
[SourceDate "2022.11.30"]
[SourceVersion "1"]
[SourceVersionDate "2022.11.30"]
[SourceQuality "1"]

1. c4 e5 2. g3 Nf6 3. Bg2 d5 4. cxd5 Nxd5 5. Nc3 Nb6 6. e3 Nc6 7. Nge2 h5 8. d4 exd4 9. Nxd4 Nxd4 10. Qxd4 Qxd4 11. exd4 c6 12. d5 cxd5 13. Be3 Bb4 14. 0-0 Bxc3 15. bxc3 Be6 16. Bxb6 axb6 17. Rfd1 Ra5 18. Rab1 0-0 19. Rxb6 Rc8 20. Rxb7 Rxc3 1/2-1/2

[Event "COL-ch U26"]
[Site "Cali"]
[Date "2022.09.28"]
[Round "2"]
[White "Marquez Velez, Juan Diego"]
[Black "Martinez, Cristian Camilo"]
[Result "0-1"]
[WhiteElo "1945"]
[BlackElo "2157"]
[PlyCount "86"]
[EventDate "2022.09.28"]
[EventType "swiss"]
[EventRounds "6"]
[EventCountry "COL"]
[SourceTitle "CBM 210 Extra"]
[Source "ChessBase"]
[SourceDate "2022.11.30"]
[SourceVersion "1"]
[SourceVersionDate "2022.11.30"]
[SourceQuality "1"]

1. c4 e6 2. Nc3 d5 3. d4 Nf6 4. Nf3 Be7 5. e3 Nbd7 6. Bd3 0-0 7. 0-0 b6 8. cxd5 exd5 9. Ne5 Bb7 10. f4 Ne4 11. Qc2 Ndf6 12. Nxe4 Nxe4 13. Nc6 Bxc6 14. Qxc6 Qd6 15. Qc2 f5 16. b3 Bf6 17. Bb2 c5 18. Rac1 Rac8 19. Ba3 Be7 20. dxc5 bxc5 21. Rfd1 Rfd8 22. Bb2 Qb6 23. Bf1 Bf6 24. Bxf6 Qxf6 25. g3 h5 26. Be2 Qg6 27. Bf3 h4 28. Bxe4 fxe4 29. Qf2 Qg4 30. Rd2 d4 31. Qe2 Qxe2 32. Rxe2 d3 33. Rd2 hxg3 34. hxg3 c4 35. bxc4 Rc5 36. Kf2 Rdc8 37. Rb1 Rxc4 38. Rb7 Rc2 39. Ke1 a5 40. Re7 R2c4 41. Rb2 Rc1+ 42. Kd2 Rg1 43. Reb7 Rcc1 0-1

[Event "Pereira Gildardo Garcia Memorial-B"]
[Site "Pereira"]
[Date "2022.05.20"]
[Round "5"]
[White "Arango Leon, Andres Felipe"]
[Black "Marquez Velez, Juan Diego"]
[Result "0-1"]
[WhiteElo "1848"]
[BlackElo "1991"]
[PlyCount "70"]
[EventDate "2022.05.18"]
[EventType "swiss"]
[EventRounds "9"]
[EventCountry "COL"]
[SourceTitle "CBM 208 Extra"]
[Source "ChessBase"]
[SourceDate "2022.07.31"]
[SourceVersion "1"]
[SourceVersionDate "2022.07.31"]
[SourceQuality "1"]

1. e4 e5 2. Nf3 d6 3. Bc4 c6 4. d4 Nd7 5. 0-0 Be7 6. h3 Ngf6 7. Re1 b5 8. Bb3 0-0 9. c3 a5 10. Nbd2 c5 11. Nf1 c4 12. Bc2 Re8 13. Ng3 Bf8 14. Bg5 h6 15. Be3 g6 16. Qd2 Kh7 17. a4 Rb8 18. axb5 Rxb5 19. Ba4 Rb7 20. Rad1 Qc7 21. h4 Ng4 22. h5 Nxe3 23. Rxe3 Re6 24. Bc6 Rb8 25. Bxd7 Qxd7 26. dxe5 Qb7 27. Re2 dxe5 28. Qe3 Bd7 29. Red2 Ba4 30. Ra1 Qb5 31. hxg6+ fxg6 32. Rxa4 Bc5 33. Rd5 Bxe3 34. Rxb5 Bxf2+ 35. Kxf2 Rxb5 0-1

[Event "Medellin Easter op 10th"]
[Site "Medellin"]
[Date "2022.04.16"]
[Round "7"]
[White "Valle, Efrain"]
[Black "Marquez Velez, Juan Diego"]
[Result "1-0"]
[WhiteElo "2008"]
[BlackElo "1959"]
[PlyCount "97"]
[EventDate "2022.04.13"]
[EventType "swiss"]
[EventRounds "8"]
[EventCountry "COL"]
[SourceTitle "CBM 207 Extra"]
[Source "ChessBase"]
[SourceDate "2022.05.31"]
[SourceVersion "1"]
[SourceVersionDate "2022.05.31"]
[SourceQuality "1"]

1. Nf3 d6 2. g3 Nf6 3. Bg2 e5 4. c4 Be7 5. 0-0 c6 6. c5 Nbd7 7. cxd6 Bxd6 8. d4 0-0 9. Nc3 h6 10. e4 Re8 11. Re1 Qc7 12. Be3 Ng4 13. Bd2 Bf8 14. h3 exd4 15. Nxd4 Ngf6 16. Rc1 Ne5 17. Qc2 Qb6 18. Nb3 Be6 19. Be3 Bxb3 20. axb3 Qb4 21. f4 Ng6 22. e5 Nd7 23. Ne4 Nb6 24. e6 Nd5 25. exf7+ Kxf7 26. Bf2 a5 27. Nc3 Nge7 28. Re5 Rad8 29. Rce1 b6 30. Re6 Nf6 31. Bf1 b5 32. Bg2 Ned5 33. Na2 Rxe6 34. Nxb4 Nxb4 35. Qb1 Rxe1+ 36. Bxe1 Nd3 37. Bxa5 Bc5+ 38. Kh2 Rd6 39. Bc7 Rd7 40. Be5 Nf2 41. Qc1 Bb4 42. Qxc6 Rd2 43. Qxb5 Be7 44. Qc4+ Kg6 45. Qe6 Bd8 46. Bc3 Rd1 47. Bxf6 Bxf6 48. Be4+ Nxe4 49. Qg4+ 1-0

[Event "Medellin Easter op 10th"]
[Site "Medellin"]
[Date "2022.04.14"]
[Round "2"]
[White "Salcedo Perez, Pablo Esteban"]
[Black "Marquez Velez, Juan Diego"]
[Result "1/2-1/2"]
[WhiteElo "2141"]
[BlackElo "1959"]
[PlyCount "45"]
[EventDate "2022.04.13"]
[EventType "swiss"]
[EventRounds "8"]
[EventCountry "COL"]
[SourceTitle "CBM 207 Extra"]
[Source "ChessBase"]
[SourceDate "2022.05.31"]
[SourceVersion "1"]
[SourceVersionDate "2022.05.31"]
[SourceQuality "1"]

1. d4 d6 2. Nf3 Nd7 3. g3 e5 4. dxe5 dxe5 5. Bg2 Ngf6 6. 0-0 Be7 7. Nc3 c6 8. Bg5 Qc7 9. Bh3 h6 10. Bxf6 Nxf6 11. Bxc8 Rxc8 12. e4 0-0 13. Nh4 g6 14. Qf3 Qd7 15. Rad1 Qh3 16. a3 Rfd8 17. Qg2 Qxg2+ 18. Kxg2 Rxd1 19. Rxd1 Rd8 20. Rxd8+ Bxd8 21. Nf3 Bc7 22. Nd2 Kf8 23. h3 1/2-1/2

[Event "Manizales op 27th"]
[Site "Manizales"]
[Date "2022.01.07"]
[Round "3"]
[White "Zuluaga, Nicolas"]
[Black "Marquez Velez, Juan Diego"]
[Result "1/2-1/2"]
[WhiteElo "1673"]
[BlackElo "2005"]
[PlyCount "175"]
[EventDate "2022.01.06"]
[EventType "swiss"]
[EventRounds "8"]
[EventCountry "COL"]
[SourceTitle "CBM 206 Extra"]
[Source "ChessBase"]
[SourceDate "2022.03.31"]
[SourceVersion "1"]
[SourceVersionDate "2022.03.31"]
[SourceQuality "1"]

1. c4 d6 2. Nf3 Nd7 3. g3 e5 4. Bg2 Ngf6 5. Nc3 Be7 6. Qc2 c6 7. d4 a5 8. 0-0 0-0 9. dxe5 dxe5 10. b3 Qc7 11. Bb2 Nc5 12. Ng5 h6 13. Nge4 Ne6 14. Nxf6+ Bxf6 15. Ne4 Be7 16. e3 f5 17. Nd2 Nc5 18. Rad1 Be6 19. Nf3 Bf6 20. Rd2 Rad8 21. Rfd1 Rxd2 22. Rxd2 e4 23. Ne1 Bxb2 24. Qxb2 Rd8 25. Rxd8+ Qxd8 26. Qd4 Qe7 27. Qb2 Kf7 28. Bf1 Nd7 29. Nc2 c5 30. Na3 Qd6 31. Be2 Qe5 32. Qd2 Ke7 33. Nb5 b6 34. h4 g5 35. hxg5 hxg5 36. Qc3 Qxc3 37. Nxc3 Kd6 38. Kg2 Ne5 39. Kf1 g4 40. Ke1 Nc6 41. Na4 Kc7 42. Kd2 Ne5 43. Nc3 Kc6 44. Nb5 Nf7 45. Nc3 Ng5 46. Nd1 Kd6 47. Kc3 Bd7 48. a3 Bc6 49. a4 Ke5 50. Kd2 Ne6 51. Nc3 Nc7 52. Nd1 Na6 53. Nc3 Nb4 54. Bf1 Na6 55. Be2 Nc7 56. Nd1 Ne6 57. Nc3 Ng5 58. Nd1 Nh3 59. Ke1 Ng1 60. Kf1 Nf3 61. Bxf3 exf3 62. Nc3 Be4 63. Ke1 Bc2 64. Nd5 Bxb3 65. Nxb6 Kd6 66. Kd2 Kc6 67. Kc3 Bd1 68. Nd5 Bxa4 69. Ne7+ Kd6 70. Nxf5+ Ke5 71. Ne7 Bd7 72. Ng6+ Ke4 73. Nf4 a4 74. Nd3 Bc6 75. Nxc5+ Ke5 76. Kb4 Be8 77. Nxa4 Bxa4 78. Kxa4 Ke4 79. c5 Kd3 80. c6 Ke2 81. c7 Kxf2 82. c8Q Kxg3 83. Qc7+ Kg2 84. Qf4 g3 85. Qe4 Kf2 86. Qh4 Kg2 87. Qe4 Kf2 88. Qh4 1/2-1/2

[Event "Medellin Luces op"]
[Site "Medellin"]
[Date "2020.12.13"]
[Round "3"]
[White "Marquez Velez, Juan Diego"]
[Black "Soto, Cristian Camilo"]
[Result "1-0"]
[WhiteElo "1966"]
[BlackElo "2087"]
[PlyCount "111"]
[EventDate "2020.12.12"]
[EventType "swiss"]
[EventRounds "7"]
[EventCountry "COL"]
[SourceTitle "CBM 199 Extra"]
[Source "ChessBase"]
[SourceDate "2021.01.31"]
[SourceVersion "1"]
[SourceVersionDate "2021.01.31"]
[SourceQuality "1"]

1. Nf3 g6 2. g3 Bg7 3. Bg2 d5 4. d4 c5 5. c3 cxd4 6. cxd4 Nc6 7. Nc3 Nf6 8. 0-0 0-0 9. Ne5 Be6 10. Nxc6 bxc6 11. b3 Nd7 12. Bb2 Nb6 13. Rc1 Qd7 14. Re1 Bh3 15. Bh1 a5 16. Ba3 Rfe8 17. Bc5 Qb7 18. e3 Nd7 19. Ba3 e5 20. Qd2 e4 21. Na4 Bg4 22. Bg2 Nf6 23. h3 Bf5 24. Rc2 Qd7 25. Kh2 Rec8 26. Rec1 h5 27. Nb6 Qb7 28. Nxa8 Qxa8 29. Rc5 Qb7 30. Rxa5 h4 31. Qb4 Qc7 32. Ra6 Bf8 33. Qa5 hxg3+ 34. fxg3 Qb7 35. Bxf8 Kxf8 36. Qc5+ Kg7 37. Rxc6 Ra8 38. Qd6 Ne8 39. Qxd5 Qb4 40. R6c2 Ra5 41. Qc6 Nf6 42. Qc3 Qb6 43. Qc7 Qb4 44. Qf4 Be6 45. g4 g5 46. Qg3 Bd5 47. Rf1 Qe7 48. Rf5 Nd7 49. Qc7 Rb5 50. Rc5 Rb7 51. Rfxd5 Rxc7 52. Rxc7 Kg8 53. Rdxd7 Qf6 54. Rxf7 Qd6+ 55. Kh1 Qg3 56. Rfd7 1-0

[Event "Medellin IRT de Segunda Antioquia"]
[Site "Medellin"]
[Date "2019.05.25"]
[Round "4"]
[White "Marquez Velez, Juan Diego"]
[Black "Gomez Rondon, Samuel"]
[Result "1-0"]
[WhiteElo "1985"]
[BlackElo "1685"]
[PlyCount "60"]
[EventDate "2019.05.22"]
[EventType "swiss"]
[EventRounds "7"]
[EventCountry "COL"]
[SourceTitle "EXT 2024"]
[Source "ChessBase"]
[SourceDate "2023.10.10"]
[SourceVersion "1"]
[SourceVersionDate "2023.10.10"]
[SourceQuality "1"]

1. c4 Nf6 2. Nc3 g6 3. g3 Bg7 4. Bg2 0-0 5. Nf3 d6 6. Rb1 c5 7. a3 Nc6 8. b4 Bf5 9. d3 cxb4 10. axb4 Ng4 11. Bd2 Qc8 12. b5 Nce5 13. Nd5 Re8 14. 0-0 Nxd3 15. exd3 Bxd3 16. b6 Bxb1 17. Qxb1 axb6 18. Nxb6 Qc5 19. Nxa8 Rxa8 20. Qxb7 Ra2 21. Qb8+ Bf8 22. h3 Nf6 23. Rc1 Kg7 24. Be3 Qa3 25. Bh6+ Kxh6 26. Qxf8+ Kh5 27. g4+ Nxg4 28. hxg4+ Kxg4 29. Qh6 Qc5 30. Qh4+ Kf5 1-0

[Event "Medellin Aristizabal Cup"]
[Site "Medellin"]
[Date "2018.07.08"]
[Round "6"]
[White "Marquez Velez, Juan Diego"]
[Black "Morales, Luis Eduardo"]
[Result "1-0"]
[WhiteElo "1962"]
[BlackElo "1738"]
[PlyCount "59"]
[EventDate "2018.07.04"]
[EventType "swiss"]
[EventRounds "7"]
[EventCountry "COL"]
[SourceTitle "CBM 185 Extra"]
[Source "ChessBase"]
[SourceDate "2018.07.29"]
[SourceVersion "1"]
[SourceVersionDate "2018.07.29"]
[SourceQuality "1"]

1. e4 c6 2. c4 d5 3. cxd5 cxd5 4. exd5 Qxd5 5. Nc3 Qa5 6. Bc4 Nf6 7. Nf3 Nc6 8. d4 e6 9. a3 Ne4 10. Bd2 Nxd2 11. Qxd2 Be7 12. 0-0 0-0 13. Rfe1 Bf6 14. Rad1 Kh8 15. Qe3 a6 16. Ne4 Qd8 17. b4 b5 18. Bb3 Be7 19. d5 exd5 20. Bxd5 Qc7 21. Rc1 Bd7 22. Neg5 Bxg5 23. Nxg5 h6 24. Nxf7+ Kh7 25. Qe4+ g6 26. Qh4 Rxf7 27. Bxf7 Qd6 28. Rcd1 Qc7 29. Qf6 Bf5 30. Rd6 1-0

[Event "Medellin Aristizabal Cup"]
[Site "Medellin"]
[Date "2018.07.06"]
[Round "3"]
[White "Castrillon Gomez, Melissa"]
[Black "Marquez Velez, Juan Diego"]
[Result "1/2-1/2"]
[WhiteElo "2244"]
[BlackElo "1962"]
[PlyCount "64"]
[EventDate "2018.07.04"]
[EventType "swiss"]
[EventRounds "7"]
[EventCountry "COL"]
[SourceTitle "CBM 185 Extra"]
[Source "ChessBase"]
[SourceDate "2018.07.29"]
[SourceVersion "1"]
[SourceVersionDate "2018.07.29"]
[SourceQuality "1"]

1. e4 d6 2. d4 Nf6 3. Nc3 e5 4. Nf3 Nbd7 5. Bc4 Be7 6. dxe5 dxe5 7. Bxf7+ Kxf7 8. Ng5+ Kg8 9. Ne6 Qe8 10. Nxc7 Qg6 11. Nxa8 Qxg2 12. Rf1 Ng4 13. Qd3 Nc5 14. Qg3 Qxh2 15. b4 Na6 16. Nd5 Bh4 17. Qxh2 Nxh2 18. Rh1 Nf3+ 19. Ke2 Bg4 20. Be3 Kf7 21. Nac7 Nxc7 22. Nxc7 Rc8 23. Nd5 Nd4+ 24. Kf1 Be2+ 25. Kg1 Nxc2 26. Rc1 g5 27. Bxa7 Bf3 28. Ne3 Ra8 29. Rxc2 Rxa7 30. Nf5 Ke6 31. Rh3 Bxe4 32. Ng7+ Kf6 1/2-1/2

[Event "Medellin Aristizabal Cup"]
[Site "Medellin"]
[Date "2018.07.04"]
[Round "1"]
[White "Ruiz Agudelo, Jeronimo"]
[Black "Marquez Velez, Juan Diego"]
[Result "0-1"]
[WhiteElo "1244"]
[BlackElo "1962"]
[PlyCount "46"]
[EventDate "2018.07.04"]
[EventType "swiss"]
[EventRounds "7"]
[EventCountry "COL"]
[SourceTitle "CBM 185 Extra"]
[Source "ChessBase"]
[SourceDate "2018.07.29"]
[SourceVersion "1"]
[SourceVersionDate "2018.07.29"]
[SourceQuality "1"]

1. e4 c5 2. Nf3 Nc6 3. d4 cxd4 4. Nxd4 e5 5. Nb5 d6 6. c4 Be7 7. N1c3 a6 8. Na3 f5 9. Bd3 f4 10. 0-0 Be6 11. Bd2 Nf6 12. Nd5 0-0 13. Nc2 Rb8 14. Qe2 Qd7 15. b4 Bd8 16. b5 axb5 17. cxb5 Ne7 18. Nxf6+ Rxf6 19. a4 f3 20. gxf3 Bh3 21. Rfb1 Rg6+ 22. Kh1 Bg2+ 23. Kg1 Qh3 0-1

[Event "Antioquia op-B"]
[Site "Medellin"]
[Date "2018.04.29"]
[Round "5"]
[White "Marquez Velez, Juan Diego"]
[Black "Garces Trujillo, Luis Javier"]
[Result "0-1"]
[WhiteElo "1951"]
[BlackElo "1861"]
[PlyCount "58"]
[EventDate "2018.04.25"]
[EventType "swiss"]
[EventRounds "7"]
[EventCountry "COL"]
[SourceTitle "CBM 184 Extra"]
[Source "ChessBase"]
[SourceDate "2018.06.28"]
[SourceVersion "1"]
[SourceVersionDate "2018.06.28"]
[SourceQuality "1"]

1. e4 c5 2. d4 cxd4 3. c3 dxc3 4. Nxc3 d6 5. Bc4 e6 6. Nf3 Be7 7. 0-0 Nf6 8. Qe2 a6 9. Rd1 b5 10. Bb3 Qb6 11. Be3 Qb7 12. e5 dxe5 13. Nxe5 Nbd7 14. Bf4 Nxe5 15. Bxe5 Bd7 16. Bc2 Bc6 17. f3 b4 18. Bxf6 gxf6 19. Ne4 Rg8 20. Rac1 f5 21. Nd6+ Bxd6 22. Rxd6 Bxf3 23. Ba4+ Kf8 24. Qe3 Rxg2+ 25. Kf1 Qe4 26. Qxe4 fxe4 27. Rc7 e3 28. Bd1 Rf2+ 29. Ke1 e2 0-1

[Event "Medellin Aristizabal Cup"]
[Site "Medellin"]
[Date "2017.09.10"]
[Round "6"]
[White "Marquez Velez, Juan Diego"]
[Black "Norena Yepez, Vanessa"]
[Result "0-1"]
[WhiteElo "1942"]
[BlackElo "1762"]
[PlyCount "64"]
[EventDate "2017.09.06"]
[EventType "swiss"]
[EventRounds "7"]
[EventCountry "COL"]
[SourceTitle "CBM 180 Extra"]
[Source "ChessBase"]
[SourceDate "2017.10.06"]
[SourceVersion "1"]
[SourceVersionDate "2017.10.06"]
[SourceQuality "1"]

1. c4 Nf6 2. Nc3 g6 3. g3 Bg7 4. Bg2 0-0 5. Nf3 d6 6. 0-0 c6 7. Rb1 a5 8. a3 Nbd7 9. b4 Rb8 10. b5 cxb5 11. Nxb5 Nc5 12. d3 a4 13. Be3 Nfd7 14. Bd4 Nb3 15. Bxg7 Kxg7 16. Nd2 Ndc5 17. Nxb3 Nxb3 18. Qe1 Bd7 19. Qc3+ f6 20. Nd4 Nxd4 21. Qxd4 b5 22. cxb5 Bxb5 23. Rb4 Bd7 24. Rfb1 Rxb4 25. Qxb4 Qc7 26. h4 Rc8 27. Qb7 Be6 28. Qxc7 Rxc7 29. Rb7 Rc1+ 30. Kh2 Kf7 31. d4 Bb3 32. d5 f5 0-1

[Event "Medellin Aristizabal Cup"]
[Site "Medellin"]
[Date "2017.09.08"]
[Round "3"]
[White "Londono, Neider Farid"]
[Black "Marquez Velez, Juan Diego"]
[Result "1/2-1/2"]
[WhiteElo "1775"]
[BlackElo "1942"]
[PlyCount "83"]
[EventDate "2017.09.06"]
[EventType "swiss"]
[EventRounds "7"]
[EventCountry "COL"]
[SourceTitle "CBM 180 Extra"]
[Source "ChessBase"]
[SourceDate "2017.10.06"]
[SourceVersion "1"]
[SourceVersionDate "2017.10.06"]
[SourceQuality "1"]

1. e4 e5 2. Nf3 d6 3. d4 Nd7 4. Nc3 c6 5. Be3 Be7 6. Be2 Ngf6 7. h3 0-0 8. 0-0 Qc7 9. a4 Re8 10. Nd2 d5 11. dxe5 Nxe4 12. Ndxe4 dxe4 13. e6 fxe6 14. Nxe4 Nf6 15. Nxf6+ Bxf6 16. c3 e5 17. Bc4+ Kh8 18. Qh5 Be6 19. Bd3 Bg8 20. Be4 Qf7 21. Qf5 g6 22. Qf3 Be7 23. Qg3 Bd6 24. Rfd1 Bc7 25. Bg5 Rf8 26. Qh4 Bb6 27. Rd2 a5 28. Rad1 Bc5 29. b4 axb4 30. cxb4 Bd4 31. Be7 Qf4 32. g4 Kg7 33. Bxf8+ Rxf8 34. Rxd4 exd4 35. Rxd4 Re8 36. Rd7+ Bf7 37. f3 Qc1+ 38. Kg2 Qb2+ 39. Kg1 Qxb4 40. g5 Qc5+ 41. Kg2 Re7 42. Rd8 1/2-1/2

[Event "Antioquia op-B"]
[Site "Medellin"]
[Date "2017.04.30"]
[Round "5"]
[White "Garces Trujillo, Luis Javier"]
[Black "Marquez Velez, Juan Diego"]
[Result "1/2-1/2"]
[WhiteElo "1930"]
[BlackElo "1896"]
[PlyCount "80"]
[EventDate "2017.04.27"]
[EventType "swiss"]
[EventRounds "7"]
[EventCountry "COL"]
[SourceTitle "EXT 2019"]
[Source "ChessBase"]
[SourceDate "2018.10.10"]
[SourceVersion "1"]
[SourceVersionDate "2018.10.10"]
[SourceQuality "1"]

1. d4 Nf6 2. c4 d6 3. Nf3 Nbd7 4. Nc3 e5 5. g3 c6 6. Bg2 Be7 7. 0-0 0-0 8. Qc2 Re8 9. Rd1 Qc7 10. b3 Bf8 11. Bb2 a6 12. Rac1 Qb8 13. h3 g6 14. Ne4 Nxe4 15. Qxe4 Bg7 16. dxe5 dxe5 17. c5 Qc7 18. a3 Nf8 19. g4 f6 20. Nd2 Be6 21. Nc4 Rad8 22. Nd6 Re7 23. b4 Kh8 24. f4 Bd5 25. Qd3 Ne6 26. e4 Nxf4 27. Qd2 Bh6 28. Kh2 Bb3 29. Nf7+ Bxf7 30. Qxd8+ Qxd8 31. Rxd8+ Kg7 32. Rcd1 Bc4 33. R1d7 Rxd7 34. Rxd7+ Kg8 35. Rxb7 Nd3 36. Bc3 Bf4+ 37. Kg1 Be3+ 38. Kh2 Bf4+ 39. Kg1 Be3+ 40. Kh2 Bf4+ 1/2-1/2

[Event "Medellin Segunda Antioquia op"]
[Site "Medellin"]
[Date "2016.04.17"]
[Round "7.6"]
[White "Marquez Velez, Juan Diego"]
[Black "Paniagua, Fabio de Jesus"]
[Result "1-0"]
[WhiteElo "1897"]
[BlackElo "1853"]
[PlyCount "67"]
[EventDate "2016.04.13"]
[EventType "swiss"]
[EventRounds "7"]
[EventCountry "COL"]
[SourceTitle "EXT 2024"]
[Source "ChessBase"]
[SourceDate "2023.10.10"]
[SourceVersion "1"]
[SourceVersionDate "2023.10.10"]
[SourceQuality "1"]

1. e4 e5 2. Nc3 Nf6 3. f4 d6 4. Nf3 Nbd7 5. Bc4 Be7 6. 0-0 0-0 7. d3 c6 8. fxe5 dxe5 9. Kh1 Qc7 10. Qe1 b5 11. Bb3 Nc5 12. Nh4 Nxb3 13. axb3 Be6 14. Nf5 Bxf5 15. Rxf5 Kh8 16. Bg5 Ng8 17. Be3 Bd6 18. Qf2 a6 19. Rf1 f6 20. Rh5 Rf7 21. Qf5 h6 22. Rf3 Bf8 23. Qg6 Rd7 24. Rg3 Bb4 25. Ne2 a5 26. Rgh3 Bf8 27. Rg3 Bd6 28. Kg1 Qd8 29. Rgh3 Qc7 30. Ng3 Bf8 31. Nf5 c5 32. Rg3 Ra7 33. Bxh6 Nxh6 34. Nxh6 1-0

[Event "Medellin Segunda Categoria Antioquia"]
[Site "Medellin"]
[Date "2015.04.??"]
[Round "1.1"]
[White "Perdomo, Jefferson"]
[Black "Marquez Velez, Juan Diego"]
[Result "1-0"]
[WhiteElo "1995"]
[BlackElo "1854"]
[PlyCount "71"]
[EventDate "2015.04.14"]
[EventType "swiss"]
[EventRounds "7"]
[EventCountry "COL"]
[SourceTitle "EXT 2024"]
[Source "ChessBase"]
[SourceDate "2023.10.10"]
[SourceVersion "1"]
[SourceVersionDate "2023.10.10"]
[SourceQuality "1"]

1. d4 Nf6 2. Bg5 e6 3. c3 d5 4. e3 c5 5. f4 Be7 6. Nf3 a6 7. Nbd2 Nc6 8. Bd3 cxd4 9. exd4 b5 10. 0-0 h6 11. Bh4 b4 12. Qe2 bxc3 13. bxc3 0-0 14. Ne5 Qc7 15. Rac1 Bb7 16. g4 Nxe5 17. fxe5 Nh7 18. Bxe7 Qxe7 19. Nf3 Ng5 20. Nxg5 Qxg5 21. Rb1 Rfb8 22. Qf3 Qe7 23. Rb2 Bc8 24. Rbf2 Ra7 25. Qg3 Qa3 26. g5 g6 27. Bxg6 fxg6 28. gxh6 Kh7 29. Rf7+ Rxf7 30. Rxf7+ Kh8 31. Qg5 Rb1+ 32. Kg2 Rb2+ 33. Kg3 Qxc3+ 34. Rf3 Qc7 35. Qxg6 Qe7 36. Qf6+ 1-0